| 000 | 00361nam a2200145Ia 4500 | ||
|---|---|---|---|
| 008 | 230312s9999||||xx |||||||||||||| ||und|| | ||
| 020 | _a9781401839673 | ||
| 082 |
_a629.89 _bHUA-P |
||
| 100 | _aMackenzie,Scott | ||
| 245 | 4 | _aThe 8051 microcontroller | |
| 260 |
_bCengage _aUSA _c2007 |
||
| 300 | _a790 | ||
| 650 |
_aComputer _vComputer interfaces |
||
| 942 | _cBK | ||
| 999 |
_c17667 _d17667 |
||